000 00713nam a22001817a 4500
003 NUST
005 20260116160833.0
082 _a621.382,RAF
100 _aRafique, Fahad
_9132770
245 _aElectric fencing systems /
_cFahad Rafique, Ammar Asghar, khizer Saleem and Zahid Ahmed (TE-49)
260 _aRawalpindi
_bMCS (NUST)
_cJune 2016
300 _axii,44p.;
505 _aintroduction (Page-1), Background (Page-3), Specification (page-4), Project Development (Page-10), Project Analysis and Evaluation (Page-23), Conclusions (Page-30), Bibliography (Page-32).
650 _aUG Project
_9131132
651 _aTE-49
_9131595
700 _aSupervised by Naveed Sarfraz Khattak
_9132771
942 _2ddc
_cPR
999 _c615821
_d615821